000
00323pab a2200133 454500
008
180718b1989 xxu||||| |||| 00| 0 eng d
245
_a
Special issue on Scheduled Castes in India
260
_c
1989
300
_a
3-94
362
_a
Sept.
650
_a
Scheduled Castes - India
773
_a
Social Change
909
_a
18646
999
_c
18646
_d
18646